| 000 | 00827nas a2200277 4500 | ||
|---|---|---|---|
| 001 | BR9704901 | ||
| 003 | BR-BrBNA | ||
| 005 | 20231205100557.0 | ||
| 007 | ta | ||
| 008 | 230509b bl.|||p| |||| 00| 00por d | ||
| 040 |
_aBR-BrBNA _bpor _cBiblioteca Nacional de Agricultura |
||
| 041 | _a(Pt) | ||
| 072 | _aL74 | ||
| 100 | 1 | _aTorres, M.B.A. de M. | |
| 100 | 1 | _aSalles, M.W.S. | |
| 100 | 1 | _aHeadley, S.A. | |
| 100 | 1 | _aBarros, C.S.L. de | |
| 245 | 1 | _aIntoxicacao experimental por sementes de Crotalaria spectabilis (Leguminosae)em suinos | |
| 650 | _aSUÍNO | ||
| 650 | _aSemente | ||
| 650 | _aPlanta Toxica | ||
| 650 | _aIntoxicacao Animal | ||
| 773 | 0 |
_tCiencia Rural (Brazil) _xISSN 0103-8478 _g(Apr-Jun 1997), v. 27(2) p. 307-312 _wBR9704901 |
|
| 909 |
_a202311 _bLúcia _c55 _dLúcia Elande |
||
| 942 |
_2AGRIS _n0 _cANA |
||
| 999 |
_c156794 _d156794 |
||